| 000 | 01040nam a2200217Ia 4500 | ||
|---|---|---|---|
| 003 | Ost | ||
| 005 | 20260507075633.0 | ||
| 008 | 260507s9999||||xx |||||||||||||| ||und|| | ||
| 040 | _cfsecg | ||
| 041 | _aara | ||
| 082 | _a336.29 | ||
| 100 |
_aالبطريق، يونس أحمد _eمؤلف |
||
| 245 | 0 |
_aالنظم الضريبية : _bمدخل تحليلي مقارن / _c يونس أحمد البطريق |
|
| 260 |
_aالإسكندرية: _bدار الجامعة الجديدة, _c2002 |
||
| 300 |
_a436 صفحة؛ _bإيضاحات ؛ _c24 سم |
||
| 520 | _aالإطار العام للنظم الضريبية- دور النظام الضريبي في تحقيق أهداف المجتمع- دور النظام الضريبي في تحقيق عدالة توزيع الدخل- النظام الضريبي الأمريكي- النظام الضريبي المصري | ||
| 653 | _aالضريبة | ||
| 653 | _aالنظم الضريبية | ||
| 700 |
_aعثمان، سعيدعبد العزيز _eمؤلف ثانوي |
||
| 942 | _cكتاب | ||
| 999 |
_c45256 _d45256 |
||